Normal view MARC view
  • MDC Legal Advisers

Entry Corporate Name

Number of records used in: 1

001 - CONTROL NUMBER

  • control field: 4015

003 - CONTROL NUMBER IDENTIFIER

  • control field: OSt

005 - DATE AND TIME OF LATEST TRANSACTION

  • control field: 20170512130139.0

008 - FIXED-LENGTH DATA ELEMENTS

  • fixed length control field: 170512|| aca||aabn | a|a d

040 ## - CATALOGING SOURCE

  • Original cataloging agency: OSt
  • Transcribing agency: OSt

110 ## - HEADING--CORPORATE NAME

  • Corporate name or jurisdiction name as entry element: MDC Legal Advisers

670 ## - SOURCE DATA FOUND

  • Source citation: Work cat.: (OSt)0: Malaysia 400, Employees' Social Security Act (SOCSO) and regulations with index (Act 4) :, 1995
Pusat Sumber Maklumat Dato' Haji Sarmin Md Hussin, Akademi Kastam Diraja Malaysia, Melaka
Tel: 06-2331106 | Faks: 06-2313787